Německé pojišťovnictví v roce 1995

Všeobecné výsledky nemeckého poisťovníctva v r. 1995. Prijaté poistné v súkromnom poistení. Neživotné a životné poistenie.

Na minha lista:
Detalhes bibliográficos
Formato: Capítulo de Livro
Idioma:tcheco
Assuntos:
Tags: Adicionar Tag
Sem tags, seja o primeiro a adicionar uma tag!

MARC

LEADER 00000naa a2200000 4500
001 r023489
005 20230922092956.1
041 0 |a cze 
044 |a CZ 
245 1 0 |a Německé pojišťovnictví v roce 1995 
520 |a Všeobecné výsledky nemeckého poisťovníctva v r. 1995. Prijaté poistné v súkromnom poistení. Neživotné a životné poistenie. 
610 2 0 |a trh poistný 
610 2 0 |a Nemecko 
610 2 0 |a 1995 
610 2 0 |a poistenie životné 
610 2 0 |a poistenie neživotné 
610 2 0 |a 1993-1995